02237nam a2200157 a 4500008004100000020001800041041000800059100001900067245005900086250004100145260003300186300001100219500009100230505174300321655001502064190917t2017 sp |||g |||| 001 0 spa d a9788433979933 aspa1 aRoy, Arundhati 3aEl ministerio de la felicidad suprema /cArundhati Roy a1a ed.bTraducción Cecilia Ceriani aBarcelona:bAnagrama;c2017. a512 p. aRoy, A. (2017). El ministerio de la felicidad suprema. (1a ed.). Barcelona : Anagrama. aEl ministerio de la felicidad suprema es la deslumbrante nueva novela de la mundialmente famosa autora de El dios de las pequeñas cosas. Nos embarca en un viaje íntimo de muchos años por el subcontinente indio, de los barrios masificados de la Vieja Delhi y las carreteras de la ciudad nueva a los montes y valles de Cachemira y más allá, donde la guerra es la paz y la paz es la guerra. Es una dolorosa historia de amor y una contundente protesta, una historia contada entre susurros, a gritos, con lágrimas carentes de sentimentalismo y a veces con una risa amarga. Cada uno de sus personajes está imborrable, tiernamente retratado. Sus protagonistas son gente rota por el mundo en el que vive y luego rescatada, recompuesta por actos de amor, y por la esperanza. La historia empieza con Anyum -que ante se llamaba Aftab- desenrollando una raída alfombra persa en un cementerio al que llama hogar. Nos encontramos con la extraña e inolvidable Tilo y los hombres que la amaron, incluido Musa, novio y exnovio, amante y examante, cuyo destino está entrelazado con el de la chica para siempre. Conocemos al casero de Tilo, un antiguo pretendiente, en la actualidad oficial de inteligencia destinado en Kabul. Y conocemos a las dos Miss Yebin: la primera es una niña que nace en Srinagar y es enterrada en el atestado cementerio de los Mártires; a la segunda la encuentran a medianoche, abandonada en la acera en el corazón de Nueva Delhi. A medida que esta novela cautivadora y profundamente humana trenza estas vidas complejas, reinventa lo que una novela puede hacer y ser. EL ministerio de la felicidad suprema demuestra en cada página las extraordinarias dotes de Arundhati Roy como contadora de historias.  aLiteratura